| 000 | 004970000a22001810004500 | ||
|---|---|---|---|
| 003 | MACL | ||
| 005 | 20160228123644.0 | ||
| 008 | 160228b xxu||||| |||| 00| 0 eng d | ||
| 040 |
_aMACL _cMACL |
||
| 041 | _aHindi | ||
| 082 | _a800 | ||
| 100 |
_aलाल प्यारे भाई _941192 |
||
| 245 | _aरम्या | ||
| 260 |
_bसर्जना प्रकाशन _c1967 _aइलाहाबाद |
||
| 350 | _a4 | ||
| 650 |
_aLiterature _941193 |
||
| 942 |
_cHIN _k800 _2ddc |
||
| 999 |
_c25825 _d25825 |
||